Les 10 plus grandes villes de la RDC - Statistiques

Statistiques générales
  • Ce quiz a été pris 82 fois
  • Le résultat moyen est 4 sur 10
Statistiques - réponses
Nombre d'habitants Province Réponse % Correct
15 628 000 ----> kinshasa
100%
1 244 342 Nord-Kivu Goma
76%
2 695 000 Haut-Katanga Lubumbashi
69%
1 190 000 Sud-Kivu Bukavu
47%
1 366 000 Tshopo Kisangani
40%
2 765 000 Kasaï oriental Mbujimayi
34%
1 593 000 Kasaï-Central Kananga
29%
453 147 Lualaba Kolwezi
24%
1 087 548 Kasaï Tshikapa
16%
447 449 Haut-Katange Likasi
14%
Aucun quiz correspondant
Distribution des résultats
% des personnes avec chaque résultat
Percentile par nombre de réponses
Votre historique - résultats
Vous n’avez pas pris ce quiz